00329nam a2200121Ia 4500008004100000041000800041082001600049100001600065245004500081260004200126300003000168365000900198240624s9999 xx 000 0 und d aeng a338.274 DUN aDUNSBY ADAM aCOMMODITY INVESTING MAXIMIZING RETURNS T c2008aNew JerseybJohn Wiley and Sons aix, : 290 : p. : cm. ; 23 cb30